| 000 | 01102nas a2200277 4500 | ||
|---|---|---|---|
| 001 | BR8706245 | ||
| 003 | BR-BrBNA | ||
| 005 | 20231205090842.0 | ||
| 007 | ta | ||
| 008 | 230509b bl.|||p| |||| 00| 00por d | ||
| 040 |
_aBR-BrBNA _bpor _cBiblioteca Nacional de Agricultura |
||
| 041 | _a(Pt) | ||
| 072 | _aP35 | ||
| 100 | 1 | _aPrimavesi, O. | |
| 100 | 1 | _aMello, F.A.F. de | |
| 100 | 1 | _aMuraoka, T. | |
| 245 | 1 | _aEfeito do nivel de fertilidade de dois solos submetidos a compactacao sobre o comportamento do acumulo de materia seca e nutrientes por feijoeiro (Phaseolus vulgaris L.) | |
| 246 | 1 | _aEffect of the fertility level of two soils subjected to compaction on the behavior of the accumulation of dry matter and of nutrients by dry beans (Phaseolus vulgaris L.) | |
| 650 | _aFEIJAO | ||
| 650 | _aFERTILIDADE DO SOLO | ||
| 650 | _aMATERIA SECA | ||
| 650 | _aCOMPACTACAO DO SOLO | ||
| 773 | 0 |
_tAnais da Escola Superior de Agricultura Luiz de Queiroz (Brazil) _xISSN 0071-1276 _g(1976), v. 43(1) p. 245-264 _wBR8706245 |
|
| 909 |
_a202311 _bLúcia _c55 _dLúcia Elande |
||
| 942 |
_2AGRIS _n0 _cANA |
||
| 999 |
_c121252 _d121252 |
||